| 000 | 00381 a2200109 4500 | ||
|---|---|---|---|
| 001 | ART_47152 | ||
| 005 | 20260410161850.0 | ||
| 008 | 260409a | ||
| 245 | 1 | 0 | _aLos sindicatos y las nuevas tendencias en las relaciones laborales y en la organización del trabajo |
| 100 | 1 | _aMontuschi, Luisa | |
| 773 | 0 |
_tEconómica _g- Año XLV, Nº 1 (ene./jun. 1999) _wREV7541 |
|
| 999 |
_c24934 _d24934 |
||